Introducing theological interpretation of Scripture : (Record no. 1037)

MARC details
000 -LEADER
fixed length control field 01301cam a2200337 a 4500
001 - CONTROL NUMBER
control field 15158186
003 - CONTROL NUMBER IDENTIFIER
control field GBCCL
005 - DATE AND TIME OF LATEST TRANSACTION
control field 20241126110352.0
008 - FIXED-LENGTH DATA ELEMENTS--GENERAL INFORMATION
fixed length control field 080128s2008 miu b 001 0 eng
010 ## -
-- 2008003931
020 ## - INTERNATIONAL STANDARD BOOK NUMBER
International Standard Book Number 9780801031786 (pbk.)
020 ## - INTERNATIONAL STANDARD BOOK NUMBER
International Standard Book Number 0801031788 (pbk.)
035 ## - SYSTEM CONTROL NUMBER
System control number (OCoLC)ocn191898116
035 ## - SYSTEM CONTROL NUMBER
System control number (OCoLC)191898116
Canceled/invalid control number (OCoLC)182737970
040 ## - CATALOGING SOURCE
Original cataloging agency DLC
Transcribing agency DLC
Modifying agency DLC
050 00 -
-- BS476
-- .T74 2008
082 00 - DEWEY DECIMAL CLASSIFICATION NUMBER
Classification number 220.6
Edition information 22
Item number TRE
100 1# - MAIN ENTRY--PERSONAL NAME
Personal name Treier, Daniel J.,
Dates associated with a name 1972-
9 (RLIN) 1789
245 10 - TITLE STATEMENT
Title Introducing theological interpretation of Scripture :
Remainder of title recovering a Christian practice /
Statement of responsibility, etc. Daniel J. Treier.
260 ## - PUBLICATION, DISTRIBUTION, ETC.
Place of publication, distribution, etc. Grand Rapids, Mich. :
Name of publisher, distributor, etc. Baker Academic,
Date of publication, distribution, etc. c2008.
300 ## - PHYSICAL DESCRIPTION
Extent 221 p. ;
Dimensions 22 cm.
504 ## - BIBLIOGRAPHY, ETC. NOTE
Bibliography, etc. note Includes bibliographical references (p. 207-213) and indexes.
505 0# - FORMATTED CONTENTS NOTE
Formatted contents note Catalysts and common themes -- Continuing challenges.
630 00 - SUBJECT ADDED ENTRY--UNIFORM TITLE
Uniform title Bible
General subdivision Hermeneutics.
9 (RLIN) 1790
630 00 - SUBJECT ADDED ENTRY--UNIFORM TITLE
Uniform title Bible
General subdivision Criticism, interpretation, etc.
9 (RLIN) 144
630 00 - SUBJECT ADDED ENTRY--UNIFORM TITLE
Uniform title Bible
General subdivision Theology.
9 (RLIN) 357
856 41 - ELECTRONIC LOCATION AND ACCESS
Materials specified Table of contents only
Uniform Resource Identifier <a href="http://www.loc.gov/catdir/toc/ecip0810/2008003931.html">http://www.loc.gov/catdir/toc/ecip0810/2008003931.html</a>
906 ## - LOCAL DATA ELEMENT F, LDF (RLIN)
a 7
b cbc
c orignew
d 1
e ecip
f 20
g y-gencatlg
942 ## - ADDED ENTRY ELEMENTS (KOHA)
Source of classification or shelving scheme Dewey Decimal Classification
Koha item type Books
Koha issues (borrowed), all copies 1
Holdings
Withdrawn status Lost status Source of classification or shelving scheme Damaged status Not for loan Home library Current Library Shelving location Date acquired Total checkouts Full call number Barcode Date last seen Date last checked out Copy number Price effective from Koha item type
    Dewey Decimal Classification     GRACE BIBLE COLLEGE GRACE BIBLE COLLEGE Biblical Studies 2017-04-10 1 220.6 TRE 010652 2025-05-01 2018-05-10 c.1 2017-04-10 Books
© Grace Bible College Library 2025